| 000 | 00735nam a2200217 a 4500 | ||
|---|---|---|---|
| 001 | 000005235 | ||
| 003 | OSt | ||
| 005 | 20200929151621.0 | ||
| 008 | 090818s1993 sp 000 0 spa d | ||
| 020 | _a8400068912 | ||
| 040 |
_aDO-SdBNP _bspa _cBNPHU |
||
| 082 |
_axxxx _bM519m |
||
| 100 | 1 |
_aMelero Columbrí, Francisco Javier _914937 |
|
| 245 | 1 | 0 |
_aMateriales y procesos avanzados : _bmateriales de alta tecnología / _cFrancisco Javier Melero Columbrí. |
| 260 |
_aMadrid, España : _bTGI ; _bCSIC, _c1993. |
||
| 300 |
_a250 p. ; _c21 cm. |
||
| 504 | _aBibliografía : p. 249-250 | ||
| 700 | 1 |
_aConsejo Superior de Investigaciones Científicas _914939 |
|
| 710 | 1 |
_aTecnología y Gestión de la Innovación _914938 |
|
| 942 |
_2ddc _cLF1 |
||
| 999 |
_c5036 _d5036 |
||